000 01470nam a22002537a 4500
008 141222s2020 xxk|||||o|||| 00| 0 eng d
020 _a9781783213986
041 _aeng
110 _aRoyal Institution of Chartered Surveyors
245 _aICMS explained,
_bA user guide for the second edition of the International Construction Measurement Standards
_c[old edition]
250 _a2nd
260 _aLondon,
_bRICS,
_cApril 2020
300 _a47p.
500 _aSuperseded by the third edition ISBN 9781783214778
520 _aProvides a brief guide to the background, structure, content and potential use of the second edition of ICMS. It explains the various sections of ICMS and provides detailed guidance on using the appendices, as well as explaining the classification system used in ICMS. Appendix 1 of this user guide contains a worked example, while Appendix 2 provides templates for use with ICMS. With reference to International Construction Measurement Standards: Global Consistency in Presenting Construction and Other Life Cycle Costs, 2nd edition, published in September 2019.
650 _aConstruction
650 _aInternational Construction Measurement Standards
651 _aInternational
690 _96256
_aMeasurement
690 _96230
_aConstruction management
700 _aHorner, Malcolm
856 _uhttps://icmscblog.files.wordpress.com/2020/04/icms-explained-v2.pdf
_zArchived on the ICMS filesite
942 _n0
999 _c121265
_d121265